| 000 | 00976nam a2200289 a 4500 | ||
|---|---|---|---|
| 001 | 000015046 | ||
| 003 | DO-SdBNP | ||
| 005 | 20240207093250.0 | ||
| 006 | |||
| 007 | 000015046 | ||
| 008 | |||
| 040 |
_aBPMSU _bspa _cBPMSU _e |
||
| 082 | 4 |
_aRD865.44 _bP419H 2003 _222 |
|
| 100 | 1 |
_aPeña Gómez, José Francisco, _d1937-1998 _e |
|
| 110 | _l | ||
| 245 | 1 | 0 |
_aHostos, Bentaces y Luperón : _bvistos por José Francisco Peña Gómez / _cJosé Francisco Peña Gómez ; edición Juan Báez. |
| 247 |
_aEl Antillanismo de Hostos, Betances y Luperón : _bdiscurso |
||
| 260 |
_aSanto Domingo : _bSoto Castillo, _c2003. |
||
| 300 |
_a23 p. ; _c23 cm. |
||
| 490 | 0 |
_aCuadernos de la Trinitaria ; _aRescate ; Memoria histórica |
|
| 590 | _aInventariado, 2024/VM | ||
| 600 | 1 | 4 |
_aHostos, Eugenio María de _d1839 - 1903 _95 |
| 600 | 1 | 4 |
_aBetances, Ramón Emeterio _d1827-1898 |
| 700 | 1 |
_aBáez, Juan, _eed. |
|
| 910 | _aVMateo V. Control de calidad. BPMSU | ||
| 942 |
_2ddc _cBK |
||
| 999 |
_c8222 _d8222 |
||